|
|
|
|
| LEADER |
01163nam a2200301 a 4500 |
| 001 |
2961774 |
| 008 |
110716s1992 caua b 001 0 eng d |
| 010 |
|
|
|a 91039187
|
| 020 |
|
|
|a 1558601910
|
| 040 |
|
|
|a DLC
|c DLC
|d DLC
|c BD-DhAAL
|
| 050 |
0 |
0 |
|a QA76.6
|b .N687 1992
|
| 082 |
0 |
0 |
|a 006.3
|2 20
|
| 999 |
|
|
|c 11104
|d 11104
|
| 999 |
|
|
|c 11104
|
| 999 |
|
|
|c 11104
|
| 100 |
1 |
|
|a Norvig, Peter.
|9 7576
|
| 245 |
1 |
0 |
|a Paradigms of artificial intelligence programming :
|b case studies in Common Lisp /
|c Peter Norvig.
|
| 246 |
3 |
0 |
|a Artificial intelligence programming
|
| 260 |
|
|
|a San Francisco, Calif. :
|b Morgan Kaufman Publishers,
|c c1992.
|
| 300 |
|
|
|a xxviii, 946 p. :
|b ill. ;
|c 24 cm.
|
| 504 |
|
|
|a Includes bibliographical references (p. [901]-918) and index.
|
| 541 |
1 |
|
|e 00010471
|
| 650 |
|
0 |
|a Computer programming.
|9 7577
|
| 650 |
|
0 |
|a COMMON LISP (Computer program language)
|9 7578
|
| 650 |
|
0 |
|a Artificial intelligence.
|9 7546
|
| 852 |
4 |
|
|a Ayesha Abed Library
|c General shelf
|
| 942 |
|
|
|2 ddc
|c BK
|
| 952 |
|
|
|0 0
|1 0
|4 0
|6 006_300000000000000_NOR
|7 0
|9 17487
|a BRACUL
|b BRACUL
|c GEN
|d 2011-07-17
|l 2
|m 9
|o 006.3 NOR
|p 3010010471
|r 2018-08-01
|s 2018-05-17
|t 1
|w 2011-07-17
|y BK
|x Available
|